The Next Generation Episodes by Any 3 Letters Quiz Stats

 Plays Quiz not verified by Sporcle

Challenge
Share
Tweet
Embed
Score 0/176 Timer 10:00
0 Plays Today
% Correct
Sins of the Father
98.3%
Brothers
97.8%
In Theory
97.8%
Where Silence Has Lease
95.6%
Encounter at Fairpoint
95%
Elementary, Dear Data
94.5%
Where No One Has Gone Before
93.9%
All Good Things…
92.8%
Who Watches the Watchers
91.7%
A Matter of Time
91.7%
Chain of Command, Part I
91.7%
Chain of Command, Part II
91.7%
The Ensigns of Command
91.2%
Peak Performance
90.6%
Yesterday’s Enterprise
90.1%
Data’s Day
90.1%
We’ll Always Have Paris
89%
Time Squared
89%
Starship Mine
89%
A Fistful of Datas
88.4%
Second Chances
88.4%
Parallels
88.4%
Datalore
87.8%
Contagion
87.8%
A Matter of Perspective
87.8%
Allegiance
87.3%
Silicon Avatar
86.7%
Timescape
86.7%
When the Bough Breaks
86.2%
Coming of Age
86.2%
The Neutral Zone
86.2%
A Matter of Honor
85.6%
Emergence
85.1%
The Best of Both Worlds, Part I
84.5%
The Best of Both Worlds, Part II
84.5%
First Contact
84.5%
The Masterpiece Society
84.5%
Interface
84.5%
Angel One
84%
The Measure of a Man
84%
Hide and Q
83.4%
Transfigurations
83.4%
Captain’s Holiday
82.9%
Hero Worship
82.9%
Lonely Among Us
82.3%
The Outrageous Okona
81.8%
Final Mission
81.8%
Redemption, Part I
81.8%
Redemption, Part II
81.8%
Time’s Arrow, Part I
81.2%
Time’s Arrow, Part II
81.2%
Man of the People
81.2%
Heart of Glory
80.7%
The Schizoid Man
80.7%
Q Who
80.7%
The Vengeance Factor
80.7%
Reunion
80.7%
Too Short a Season
79.6%
Unnatural Selection
79.6%
% Correct
Shades of Gray
79.6%
Evolution
79.6%
Descent, Part I
79.6%
Descent, Part II
79.6%
Preemptive Strike
79.6%
The Offspring
79%
Disaster
78.5%
Unification, Part I
78.5%
Unification, Part II
78.5%
Violations
78.5%
Suspicions
78.5%
The Last Outpost
77.9%
Imaginary Friend
77.9%
Eye of the Beholder
77.9%
Tin Man
77.3%
Conundrum
77.3%
Conspiracy
76.8%
Manhunt
76.8%
Inheritance
76.8%
Suddenly Human
76.2%
Loud as a Whisper
75.7%
Up the Long Ladder
75.7%
The Bonding
74%
The Perfect Mate
74%
Night Terrors
72.9%
Identity Crisis
72.4%
Dark Page
72.4%
Ménage à Troi
71.3%
Ship in a Bottle
71.3%
Face of the Enemy
71.3%
The Inner Light
70.7%
Cost of Living
70.2%
Birthright, Part I
69.6%
Birthright, Part II
69.6%
The Arsenal of Freedom
69.1%
Realm of Fear
69.1%
The Chase
69.1%
The Icarus Factor
68.5%
Future Imperfect
68.5%
Force of Nature
68.5%
Schisms
68%
Samaritan Snare
67.4%
Hollow Pursuits
66.9%
Galaxy’s Child
66.3%
The Outcast
66.3%
Genesis
66.3%
Firstborn
66.3%
The Next Phase
65.2%
Bloodlines
65.2%
Code of Honor
64.6%
Frame of Mind
64.6%
The Quality of Life
64.1%
Thine Own Self
64.1%
The Mind’s Eye
63.5%
Attached
63%
Journey’s End
62.4%
The Child
61.9%
The Emissary
61.3%
The Defector
60.8%
% Correct
The High Ground
60.8%
Darmok
60.2%
Lower Decks
60.2%
Ethics
59.7%
Liaisons
59.1%
The Drumhead
58%
Lessons
58%
The Naked Now
57.5%
Booby Trap
57.5%
The First Duty
57.5%
Homeward
57.5%
Sub Rosa
57.5%
The Battle
56.9%
Sarek
56.4%
The Nth Degree
56.4%
New Ground
56.4%
Rightful Heir
55.2%
Remember Me
54.7%
The Wounded
54.7%
The Big Goodbye
54.1%
Phantasms
54.1%
Tapestry
53.6%
Haven
52.5%
The Hunted
52.5%
Justice
51.9%
Skin of Evil
51.9%
Ensign Ro
51.9%
The Most Toys
51.4%
Power Play
51.4%
Half a Life
49.7%
The Enemy
48.1%
I, Borg
48.1%
Family
46.4%
The Game
46.4%
Masks
46.4%
The Price
45.9%
Home Soil
44.8%
Symbiosis
44.8%
Rascals
44.2%
The Host
43.1%
Gambit, Part I
43.1%
Gambit, Part II
43.1%
Aquiel
42%
The Survivors
41.4%
Devil’s Due
41.4%
Relics
40.3%
Pen Pals
39.8%
Legacy
39.8%
True Q
39.8%
Qpid
37.6%
Cause and Effect
37.6%
The Dauphin
37%
Clues
35.9%
11001001
35.4%
The Pegasus
34.8%
The Royale
32%
The Loss
31.5%
Déjà Q
28.2%

You're not logged in!

Compare scores with friends on all Sporcle quizzes.
Join for Free
OR
Log In

You Might Also Like...

Show Comments

Extras

Top Quizzes Today


Score Distribution

Your Account Isn't Verified!

In order to create a playlist on Sporcle, you need to verify the email address you used during registration. Go to your Sporcle Settings to finish the process.

Report this User

Report this user for behavior that violates our Community Guidelines.

Details: